Self management intervention for Malaysian women with breast cancer : enabling quality of life and participation /
Saved in:
| Main Author: | |
|---|---|
| Format: | Thesis Book |
| Language: | English |
| Published: |
2008.
|
| Subjects: | |
| Tags: |
Add Tag
No Tags, Be the first to tag this record!
|
| LEADER | 00908cam a2200253 a 4500 | ||
|---|---|---|---|
| 001 | u770979 | ||
| 003 | SIRSI | ||
| 005 | 200905211103 | ||
| 008 | 090521s2008 my a v 000 0 eng m | ||
| 040 | |a UMM | ||
| 090 | |a RC281 |b W65Loh | ||
| 100 | 1 | |a Loh, Siew Yim. | |
| 245 | 1 | 0 | |a Self management intervention for Malaysian women with breast cancer : |b enabling quality of life and participation / |c Loh Siew Yim. |
| 260 | |c 2008. | ||
| 300 | |a xxi, 418, [25] p. : |b ill. ; |c 30 cm. | ||
| 502 | |a Thesis (Ph.D.) -- Curtin University of Technology, 2008. | ||
| 504 | |a Bibliography: p. 1-25. | ||
| 650 | 0 | |a Cancer in women |x Psychological aspects. | |
| 650 | 0 | |a Cancer in women |x Social aspects. | |
| 650 | 0 | |a Breast |x Cancer |x Patients. | |
| 650 | 0 | |a Self-care, Health. | |
| 900 | |a SJMK | ||
| 596 | |a 1 | ||
| 999 | |a RC281 W65LOH |w LC |c 1 |i A513524549 |d 10/7/2012 |e 10/7/2012 |f 5/8/2010 |g 1 |l STACKS |m P01UTAMA |n 2 |r Y |s Y |t TESIS |u 4/8/2010 | ||
